00371nam a2200121Ia 4500008004100000020001800041100001900059245004600078260003100124440003300155650001700188856004400205171212s9999 xx 000 0 und d a9781906924706 aFinnegan, Ruth cFinnegan, RuthaOral Literature in Africa bOpen Book Publishersc2012 aWorld Oral Literature Series aAnthropology uhttp://www.jstor.org/stable/j.ctt5vjsmr